Statistics for First Names of Authors Quiz #2

Click here to take the quiz!

General Stats

  • This quiz has been taken 19,340 times
    (19,332 since last reset)
  • The average score is 12 of 24

Answer Stats

First Name Last Name % Correct
CharlesDickens
99%
MarkTwain
96%
VictorHugo
83%
RudyardKipling
76%
RoaldDahl
75%
AgathaChristie
73%
AlexandreDumas
68%
SalmanRushdie
67%
EmilyDickinson
62%
SylviaPlath
61%
JohnUpdike
57%
AlbertCamus
54%
AynRand
49%
GoreVidal
47%
NormanMailer
43%
LouisL'Amour
33%
ThomasPynchon
27%
SusanSontag
25%
BarbaraKingsolver
21%
DaveEggers
20%
HoratioAlger
19%
MaximGorky
18%
JonathanFranzen
17%
DonDeLillo
15%

Score Distribution

Percentile by Number Answered

Percent of People with Each Score

Your Score History

You have not taken this quiz since the last reset